Library Logo

Pioneer International University Library Catalogue

The ABC murders / (Record no. 10005)

MARC details
000 -LEADER
fixed length control field 01044nam a22002897a 4500
003 - CONTROL NUMBER IDENTIFIER
control field OSt
005 - DATE AND TIME OF LATEST TRANSACTION
control field 20260326085522.0
008 - FIXED-LENGTH DATA ELEMENTS--GENERAL INFORMATION
fixed length control field 260326b |||||||| |||| 00| 0 eng d
020 ## - INTERNATIONAL STANDARD BOOK NUMBER
International Standard Book Number 0671414925
040 ## - CATALOGING SOURCE
Transcribing agency POCKET BOOKS
041 ## - LANGUAGE CODE
Language code of text/sound track or separate title eng.
050 ## - LIBRARY OF CONGRESS CALL NUMBER
Classification number PR 6005 .C47 1963
Item number .C47 1963
100 ## - MAIN ENTRY--PERSONAL NAME
Personal name Christie, Agatha,
245 ## - TITLE STATEMENT
Title The ABC murders /
Statement of responsibility, etc. Agatha Christie.
250 ## - EDITION STATEMENT
Edition statement 8TH EDITION
260 ## - PUBLICATION, DISTRIBUTION, ETC.
Place of publication, distribution, etc. New York, NY :
Name of publisher, distributor, etc. Pocket Books,
Date of publication, distribution, etc. 1963.
300 ## - PHYSICAL DESCRIPTION
Extent 246 pages ;
Dimensions 18 cm.
490 ## - SERIES STATEMENT
Series statement Hercule Poirot mystery series
Volume/sequential designation (Pocket Books #88)
500 ## - GENERAL NOTE
General note In this classic detective novel, Hercule Poirot investigates a disturbing series of murders in alphabetical order, with cryptic clues left at each scene.
650 ## - SUBJECT ADDED ENTRY--TOPICAL TERM
Topical term or geographic name entry element Detective and mystery fiction.
650 ## - SUBJECT ADDED ENTRY--TOPICAL TERM
Topical term or geographic name entry element Poirot, Hercule (Fictitious character)
Form subdivision Fiction.
650 ## - SUBJECT ADDED ENTRY--TOPICAL TERM
Topical term or geographic name entry element Serial murders
Form subdivision Fiction
655 ## - INDEX TERM--GENRE/FORM
Source of term lcgft
Genre/form data or focus term Mystery fiction.
700 ## - ADDED ENTRY--PERSONAL NAME
Personal name Random House (Firm)
Relator term distributor.
830 ## - SERIES ADDED ENTRY--UNIFORM TITLE
Uniform title Hercule Poirot mystery series.
942 ## - ADDED ENTRY ELEMENTS (KOHA)
Source of classification or shelving scheme Library of Congress Classification
Koha item type Books
Edition 2nd ed.
Suppress in OPAC No
Holdings
Withdrawn status Lost status Source of classification or shelving scheme Damaged status Not for loan Home library Current library Date acquired Total checkouts Full call number Barcode Date last seen Price effective from Koha item type
    Library of Congress Classification     PIU Library Main Library 03/26/2026   PR 6005 .C47 1963 PIUDLMUR976 03/26/2026 03/26/2026 Books